Tang ma của người H'Mông ở suối Giáng
Khái quát về người H Mông ở suối Giàng; lễ tang của người H Mông Si ở suối Giàng. Đề cập đến một số bài cúng và bản dịch trong lễ tang của người H Mông Si ở suối Giàng.
Đã lưu trong:
| Tác giả chính: | |
|---|---|
| Định dạng: | Sách |
| Năm xuất bản: |
Tp HCM
Thanh niên
2010
|
| Chủ đề: | |
| Tags: |
Thêm thẻ
Không có thẻ, Hãy là người đầu tiên gắn thẻ bản ghi này!
|
| LEADER | 00894nam a2200193 4500 | ||
|---|---|---|---|
| 082 | |a 393. 93 |b NG527M | ||
| 100 | N | |a Nguyễn Mạnh Hùng | |
| 245 | |a Tang ma của người H'Mông ở suối Giáng |c Nguyễn Mạnh Hùng | ||
| 260 | |a Tp HCM |b Thanh niên |c 2010 | ||
| 300 | |a 199 tr. |c 21 cm. | ||
| 520 | |a Khái quát về người H Mông ở suối Giàng; lễ tang của người H Mông Si ở suối Giàng. Đề cập đến một số bài cúng và bản dịch trong lễ tang của người H Mông Si ở suối Giàng. | ||
| 653 | |a Văn hóa dân gian | ||
| 653 | |a Tang ma | ||
| 653 | |a Dân tộc h Mông | ||
| 653 | |a Yên Bái | ||
| 653 | |a Việt Nam | ||
| 942 | |2 ddc |c SH | ||
| 999 | |c 7845 |d 7845 | ||
| 952 | |0 0 |1 0 |2 ddc |4 0 |6 393_000000000000000__93_NG527M |7 0 |8 300 |9 68846 |a qbu |b qbu |c D2 |d 2015-03-23 |g 38000 |o 393. 93 NG527M |p 8078.c1 |r 0000-00-00 |w 2015-03-23 |y SH |0 0 |6 393__930000000000000_NG527M | ||